01838cam a22002658a 450000100090000000300040000900500170001300800410003001000170007102000280008804000130011604200080012905000190013708200160015610000160017224500840018826000540027226300090032630000310033550400510036650510750041765000250149270000270151770000280154414036509OSt20210414113928.0050714s2005 nyu b 001 0 eng  a 2005051343 a0273688014 (alk. paper) aDLCcDLC apcc00aG155.A1B887b 00a910/.68222 aBeech, John04aThe business of tourism management. /cedited by John Beech and Simon Chadwick. aNew York :bFinancial Times/Prentice Hall,c2005. a0511 axxvi, 577 p.:bill;c24cm. aIncludes bibliographical references and index. aContents: The Unique evolution of tourism as business -- The Structure of the tourism and travel industry -- The Role of the state in tourism -- Organisational behaviour in tourism in businesses -- Human resource management in businesses -- Marketing in tourism -- Finance and accounting for tourism -- Managing a small non-profit tourism organisation -- Analysis of the business environment and strategy in tourism -- Quality and yield management in tourism businesses -- Information technology and management information sytems in tourism -- Tourism business and the law -- Visitor attraction management -- Sports tourism -- The Economic impact of tourism -- Managing sociocultural impacts of tourism -- Managing the environmental impacts of tourism -- The Accomodation subsector -- Mass tourism businesses I: Tour operators -- Mass tourism businesses II :Travel agents -- Managing the transport subsector in tourism -- Developing mass tourism in developing nations -- The Management of heritage and cultural tourism -- Conclusion - the future of the tourism industry. 0aTourismxManagement.1 aBeech, John G.,d1947-1 aChadwick, Simon,d1964-